<?xml version="1.0" encoding="UTF-8"?>
<record
    xmlns:xsi="http://www.w3.org/2001/XMLSchema-instance"
    xsi:schemaLocation="http://www.loc.gov/MARC21/slim http://www.loc.gov/standards/marcxml/schema/MARC21slim.xsd"
    xmlns="http://www.loc.gov/MARC21/slim">

  <leader>01541nam a2200145   4500</leader>
  <controlfield tag="008">G662g</controlfield>
  <datafield tag="020" ind1=" " ind2=" ">
    <subfield code="a">978199864705</subfield>
  </datafield>
  <datafield tag="082" ind1=" " ind2=" ">
    <subfield code="a">700.74</subfield>
    <subfield code="b">G662g</subfield>
  </datafield>
  <datafield tag="100" ind1=" " ind2=" ">
    <subfield code="a">Gordon, Leah (compilaci&#xF3;n y edici&#xF3;n)</subfield>
    <subfield code="9">6320</subfield>
  </datafield>
  <datafield tag="245" ind1=" " ind2=" ">
    <subfield code="a">Ghetto Biennale 2009-2015</subfield>
  </datafield>
  <datafield tag="260" ind1=" " ind2=" ">
    <subfield code="a">Reino Unido</subfield>
    <subfield code="b">Blackwell Print</subfield>
    <subfield code="c">2017</subfield>
  </datafield>
  <datafield tag="300" ind1=" " ind2=" ">
    <subfield code="a">234 p.</subfield>
    <subfield code="b">ill. (col)</subfield>
    <subfield code="c">29.5 x 22 cm</subfield>
  </datafield>
  <datafield tag="505" ind1=" " ind2=" ">
    <subfield code="t">Intro</subfield>
    <subfield code="t">Map of location</subfield>
    <subfield code="t">Revolution on the Grand Rue</subfield>
    <subfield code="r">Tim Austin &amp; Kathy Smith</subfield>
    <subfield code="t">Local artists&#xB4; Compendium</subfield>
    <subfield code="t">Acknowledgments</subfield>
    <subfield code="t">1st Ghetto Biennale 2009</subfield>
    <subfield code="t">Project and artist list</subfield>
    <subfield code="t">The germ of the future?</subfield>
    <subfield code="r">Polly Savage</subfield>
    <subfield code="t">2nd Ghetto Biennale 2011</subfield>
    <subfield code="t">Project and artist list</subfield>
    <subfield code="t">Footnotes on the Ghetto Biennale</subfield>
    <subfield code="r">Charlotte Hammond</subfield>
    <subfield code="t">3rd Ghetto Biennale 2013</subfield>
    <subfield code="t">Project and artist list</subfield>
    <subfield code="t">Hinging upon history: photography and the Ghetto Biennale</subfield>
    <subfield code="r">Emilie Boone </subfield>
    <subfield code="t">4th Ghetto Biennale</subfield>
    <subfield code="t">Project and artist list</subfield>
    <subfield code="t">Contested creativities in Haiti&#xB4;s Ghetto Biennale</subfield>
    <subfield code="r">Petter Haffner</subfield>
    <subfield code="t">Outro</subfield>
    <subfield code="t">Weird commerce at the Ghetto Biennale </subfield>
    <subfield code="r">John Cussans</subfield>
    <subfield code="t">Conversations about the Ghetto Biennale</subfield>
    <subfield code="r">Claude Casseus</subfield>
    <subfield code="t">Je nan je: Haitian visual epistemologies </subfield>
    <subfield code="r">Elizabeth McAlister</subfield>
    <subfield code="t">Haiti in a Carribbean Context</subfield>
    <subfield code="r">Kwynn Johnson</subfield>
    <subfield code="t">In vodou, art is divine</subfield>
    <subfield code="r">Jean-Daniel Lafontant</subfield>
    <subfield code="t">Vodou slam interview</subfield>
    <subfield code="r">Rossi Jacques Casimir</subfield>
    <subfield code="t">Haiti in dispair</subfield>
    <subfield code="r">Rossi Jacques Casimir</subfield>
    <subfield code="t">Black Butterfly</subfield>
    <subfield code="r">L&#xE9;onard Jean Baptiste &amp; Makenson Bijou</subfield>
    <subfield code="t">Urgencies</subfield>
    <subfield code="r">Jean d&#xB4;&#xC0;merique</subfield>
    <subfield code="t">Thinking about the Ghetto Biennale when in Kosovo</subfield>
    <subfield code="r">John Kieffer</subfield>
    <subfield code="t">End words</subfield>
    <subfield code="r">Leah Gordon</subfield>
  </datafield>
  <datafield tag="650" ind1=" " ind2=" ">
    <subfield code="x">arte contempor&#xE1;neo</subfield>
    <subfield code="x">arte - exhibiciones</subfield>
    <subfield code="x">Hait&#xED;</subfield>
    <subfield code="x">arte - bienal - festival</subfield>
    <subfield code="9">6321</subfield>
  </datafield>
  <datafield tag="999" ind1=" " ind2=" ">
    <subfield code="c">1463</subfield>
    <subfield code="d">1463</subfield>
  </datafield>
  <datafield tag="952" ind1=" " ind2=" ">
    <subfield code="0">0</subfield>
    <subfield code="1">0</subfield>
    <subfield code="2">ddc</subfield>
    <subfield code="4">0</subfield>
    <subfield code="7">0</subfield>
    <subfield code="a">LV</subfield>
    <subfield code="b">LV</subfield>
    <subfield code="c">Eventos y Bienales</subfield>
    <subfield code="d">2018-05-24</subfield>
    <subfield code="l">0</subfield>
    <subfield code="o">700.74 G662g</subfield>
    <subfield code="r">2018-05-24 00:00:00</subfield>
    <subfield code="w">2018-05-24</subfield>
    <subfield code="y">01</subfield>
  </datafield>
</record>
